| 000 | 00580nam a22002057a 4500 | ||
|---|---|---|---|
| 003 | OSt | ||
| 005 | 20140310184528.0 | ||
| 008 | 121113t xxu||||| |||| 00| 0 eng d | ||
| 020 | _a0439368057 | ||
| 050 |
_aPZ 7 _b.D121s46 2002 |
||
| 100 |
_aDadey, Debbie _94137 |
||
| 245 |
_aSea serpents don't juggle water balloons / _cDebbie Dadey and Marcia Thornton Jones. |
||
| 260 |
_aNew York : _bScholastic Inc., _c2002. |
||
| 300 |
_a74 p. : _bill. ; _c20 cm. |
||
| 521 | _aG4 | ||
| 526 | _c600 | ||
| 650 |
_aFiction _xJuvenile _930386 |
||
| 942 |
_2lcc _cBK-SCHOLAS |
||
| 999 |
_c35166 _d35166 |
||